Histr̤ia Oral do Supremo [1988-2013] Francisco Rezek / Vol. 15

Detalles Bibliográficos
Autor principal: de Castro Fontainha, Fernando
Otros Autores: Rabelo Queiroz, Rafael Mafei
Formato: eBook
Lenguaje:portugués
Publicado: Rio de Janeiro: FGV - Direito Rio, 2016
Colección:FGV - Direito Rio. Coleȯ̂ Histr̤ia Oral do STF [1988-2013]
Materias:
Acceso en línea:Acceso restringido

MARC

LEADER 00000nam a22000007a 4500
005 20180424224657.0
007 cr|||| ||||
008 180424s2016 br |||||s|||| 00||0 por d
020 |a 978-85-63265-52-4 
035 |a 21479 
040 |a vLex 
090 |c 7817  |d 7817 
100 1 |a de Castro Fontainha, Fernando 
245 1 0 |a Histr̤ia Oral do Supremo [1988-2013]  |h [Recurso electrn̤ico] :  |b Francisco Rezek /  |c Fernando de Castro Fontainha, Rafael Mafei Rabelo Queiroz  |n Vol. 15 
256 |a Servicio en ln̕ea 
260 |a Rio de Janeiro:  |b FGV - Direito Rio,  |c 2016 
300 |a 1 recurso electrn̤ico 
490 0 |a FGV - Direito Rio. Coleȯ̂ Histr̤ia Oral do STF [1988-2013] 
506 1 |a Disponible solo en los productos indicados  |d vLex Global  |d vLex Global (Academic Edition, excluding Law Schools)  |d vLex Global (U.S. Academic Edition, Law Schools)  |d vLex Global (U.S. Academic Edition, excluding Law Schools)  |d vLex Global (Academic Edition, Law Schools) 
650 0 4 |a Derecho Civil  |z Brasil 
650 0 4 |a Derecho Constitucional  |z Brasil 
700 1 |a Rabelo Queiroz, Rafael Mafei 
740 0 |a vLex Libros (Servicio en ln̕ea) 
856 4 0 |u http://vlex.com/source/historia-oral-do-supremo-1988-2013-francisco-rezek-vol-15-21479  |z Acceso restringido 
942 |c BOOK 
999 0 |a Civil Law 
999 0 |a Constitutional Law